| 000 | 00343nam a2200133Ia 4500 | ||
|---|---|---|---|
| 008 | 150201s2014 xx 000 0 und d | ||
| 082 |
_a616.0707 _bO2013R |
||
| 100 | _aREGEZI | ||
| 245 | _aORAL PATHOLOGY : CLINICAL PATHOLOGIC CORRELATIONS | ||
| 250 | _a6TH | ||
| 260 | _bELSEVIER PUBLICATION | ||
| 650 | _aORAL PATHOLOGY | ||
| 942 |
_2ddc _cBK _04 |
||
| 999 |
_c4859 _d4859 |
||